000 00310 a2200109 4500
000 nam a22 7a 4500
005 20260311123832.0
100 _aNandi, Upendranath
_91131663
245 _aHeat and thermodynamics: Theory, problems and solutions
260 _bCambridge University Press
_c2025
942 _cAUD
999 _c1715113
_d1715113